| 000 | 00960nam a22002897a 4500 | ||
|---|---|---|---|
| 001 | 9891 | ||
| 003 | FISKH | ||
| 005 | 20260312104459.0 | ||
| 008 | 260312b cb ||||| |||| 00| 0 eng d | ||
| 020 | _a9780710509055 | ||
| 040 |
_aFISKH _beng _cFISKH _dFISKH |
||
| 050 | _aPZ7 | ||
| 082 | _a398.2 | ||
| 100 |
_aAnonymous _eAuthor |
||
| 245 |
_aGoldilocks and the three bears / _cIllustrated by Jenny Press |
||
| 260 |
_aBridlington : _bPeter Haddock Ltd , _c1996 |
||
| 300 |
_a16 unnumbered pages : _bcolor illustrations ; _c16 cm |
||
| 490 | _aThe forever series | ||
| 505 | _aG | ||
| 520 | _aA curious girl named Goldilocks enters the home of three bears while they are away. She tries their porridge, chairs, and beds, causing trouble before the bears return. | ||
| 521 | 8 |
_a350
_bLexile estimate |
|
| 521 | 8 |
_aG
_bRaz-Plus |
|
| 650 |
_aFairy tales _vFolklore |
||
| 650 |
_aBears _vCuriosity |
||
| 942 |
_2ddc _cBK _n0 |
||
| 999 |
_c9891 _d9891 |
||